00382nam a22001337a 4500020001800000040000900018082001300027100001800040110002000058245005300078250001600131260004800147650005300195 a9780131274983 cNust a532bVER aVersteeg, K H aMalalasekera, W aAn Introduction to Computational Fluid Mechanics a2nd Edition aHarlow:bPearson Education Services,c2007. aAn Introduction to Computational Fluid Mechanics